• 首页
  • 本馆介绍
  • 公告通知
  • 最新文献
  • 馆藏检索
  • 电子资源
  • 读者导购
  • 参考咨询
  • 我的图书馆
  • 登录
  • 详细信息显示
  • 放入我的书架
  • 预约/预借图书
  • 作者相关作品
  • 分类相关作品
  • 丛书相关作品
  • 出版社相关作品

书目信息

  • 表格格式
  • 工作单格式
  • 卡片格式
题名:
中学思想品德教学活动设计
    
 
作者: 吴熙龙 主编
分册:  
出版信息: 北京   北京大学出版社  2005
页数: 174页
开本: 26cm
丛书名: 新课程教学活动设计丛书
单 册:
中图分类: G633.202
科图分类:
主题词: 品德教育--活动课程--课程设计--中学 , 品德教育 , 活动课程 , 课程设计
电子资源:
ISBN: 7-301-07252-X
000 01002oam2 2200289 450
001 012007217052
005 20070523094622.87
010    @a7-301-07252-X@dCNY16.00
100    @a20070515d2005 km y0chiy0120 ea
101 0  @achi
102    @aCN@b110000
105    @aa z 000yy
106    @ar
200 1  @a中学思想品德教学活动设计@Azhong xue si xiang pin de jiao xue huo dong she ji@f吴熙龙主编@Fwu xi long zhu bian
210    @a北京@c北京大学出版社@d2005
215    @a174页@c图@d26cm
225 2  @a新课程教学活动设计丛书
330    @a本书以思想品德课程标准为依据,设计了四十多个教学活动和案例,每个活动设计均包括设计理念、活动目标、活动准备、活动过程、注意事项、案例评述、资料链接等七项内容。
461  0 @12001 @a新课程教学活动设计丛书
606 0  @a品德教育@x活动课程@x课程设计@x中学
606 0  @a品德教育
606 0  @a活动课程
606 0  @a课程设计
690    @aG633.202@v4
701  0 @a吴熙龙@Awu xi long@c(教育)@4主编
801  0 @aCN@bRULIN@c20070523
905    @dG633.202@e101@s8
    
    中学思想品德教学活动设计/吴熙龙主编.-北京:北京大学出版社,2005
    174页:图;26cm.-(新课程教学活动设计丛书)
    
    
    ISBN 7-301-07252-X:CNY16.00
    本书以思想品德课程标准为依据,设计了四十多个教学活动和案例,每个活动设计均包括设计理念、活动目标、活动准备、活动过程、注意事项、案例评述、资料链接等七项内容。
●
相关链接 在E读中查询图书 在五车中查询图书 在当当中查询图书 在豆瓣中查询图书


正题名:中学思想品德教学活动设计     索取号:G633.202/101         预约/预借

序号 登录号 条形码 馆藏地/架位号 状态 备注
1 0576476   205764760   第一样本阅览室/ [索取号:G633.202/101] 在馆    
2 0576477   205764779   第四借阅区/ [索取号:G633.202/101] 在馆    
3 0576478   205764788   第四借阅区/ [索取号:G633.202/101] 在馆    
4 0576479   205764797   第四借阅区/ [索取号:G633.202/101] 在馆    
5 0576480   205764804   第四借阅区/ [索取号:G633.202/101] 在馆    
6 0576481   205764813   第四借阅区/ [索取号:G633.202/101] 在馆    
7 0576482   205764822   第四借阅区/ [索取号:G633.202/101] 在馆    
8 0576483   205764831   第四借阅区/ [索取号:G633.202/101] 在馆    
唐山师范学院图书馆 欢迎您!
大连网信软件有限公司© 版权所有